[Event "IECC CL5-2010.10 email"]
[Site "IECC email"]
[Date "2010.08.16"]
[Round "?"]
[White "Aguirre, Vladimir Orta"]
[Black "D'Aragona, Vittoria"]
[Result "1-0"]
[WhiteElo "1500"]
[BlackElo "1434"]
[PlyCount "61"]
[EventDate "2010.??.??"]
[EventType "tourn (corr)"]
[EventRounds "4"]
[SourceTitle "Telechess CBM 145"]
[Source "Chessbase"]
[SourceDate "2011.11.11"]
[SourceVersion "1"]
[SourceVersionDate "2011.11.11"]
[SourceQuality "1"]
[WhiteTeam "Venezuela"]
[BlackTeam "Italy"]
[WhiteTeamCountry "VEN"]
[BlackTeamCountry "ITA"]

1. e4 e6 2. d4 d5 3. Nc3 Bb4 4. e5 Ne7 5. a3 Bxc3+ 6. bxc3 0-0 7. f4 c5 8. Nf3 Nbc6 9. Be2 f6 10. 0-0 Nf5 11. g4 Nfe7 12. Be3 f5 13. g5 c4 14. h4 Qe8 15. Rf2 Bd7 16. Rh2 Qh5 17. Nd2 Qf7 18. Kf2 a5 19. Bh5 Ng6 20. Bf3 Nh8 21. h5 Rfe8 22. g6 hxg6 23. hxg6 Nxg6 24. Bh5 Nce7 25. Qh1 Reb8 26. Rg1 Ba4 27. Rhg2 Be8 28. Nf3 Kf8 29. Nh4 Qg8 30. Nxg6+ Nxg6 31. Bxg6 1-0